=LDR 00000nam 2200000 4500 =001 INLIS000000000044558 =005 20131008110206 =008 ***********************************Eng** =035 ##$$0010-101300000002480 =041 ##$$a Eng =082 ##$$a 539.7 =090 ##$$a 539.7 , How h =100 ##$$a Jastrow, Robert =245 ##$$a How to Make Nuclear Weapons Obsolete , Robert Jastrow =850 ##$$a NBPNMAT =990 ##$$a 21603159/BPAP-NTB/2017